| Tag |
First Indicator |
Second Indicator |
Subfields |
| LEADER |
00000cam a2200000 4500 |
| 001 |
in00000055860 |
| 005 |
20151008052323.0 |
| 008 |
730725s1962 nyu 00000 eng |
| 010 |
|
|
|a 63000846
|
| 035 |
|
|
|a (OCoLC)00664365
|
| 035 |
|
|
|9 AAH2807AM
|
| 040 |
|
|
|a DLC
|c CSU
|d TXA
|d UtOrBLW
|
| 049 |
|
|
|a TXAM
|c 1 [367754]
|
| 050 |
|
0 |
|a LB2376
|b .M24
|
| 092 |
|
|
|a 378.35
|b M147e, 1962
|
| 100 |
1 |
|
|a Macgregor, Gordon,
|d 1902-1984.
|
| 245 |
1 |
4 |
|a The experiences of American scholars in counties of the Near East and South Asia ;
|b report on the problems of selection, planning, and personal adjustment of Americans in the Fulbright programs with Egypt, India, and Iraq.
|
| 264 |
|
1 |
|a [Ithaca, N. Y.] :
|b Society for Applied Anthropology,
|c 1962]
|
| 300 |
|
|
|a 54p. ;
|c 28cm.
|
| 336 |
|
|
|a text
|b txt
|2 rdacontent
|
| 337 |
|
|
|a unmediated
|b n
|2 rdamedia
|
| 338 |
|
|
|a volume
|b nc
|2 rdacarrier
|
| 490 |
1 |
|
|a Society for Applied Anthropology. Monograph ;
|v no. 5
|
| 650 |
|
0 |
|a American students
|z Middle East.
|
| 650 |
|
0 |
|a American students
|z South Asia.
|
| 830 |
|
0 |
|a Monograph (Society for Applied Anthropology) ;
|v no. 5.
|
| 999 |
|
|
|a MARS
|
| 999 |
f |
f |
|s c2fb7dd2-fac4-3546-9bae-e3811246b60e
|i 762af4c8-247c-3aab-9e7c-a7062317f380
|t 0
|
| 952 |
f |
f |
|p normal
|a Texas A&M University
|b College Station
|c Sterling C. Evans Library
|d Evans: Library Stacks
|t 0
|e LB2376 .M24
|h Library of Congress classification
|i unmediated -- volume
|m A14800863316
|
| 998 |
f |
f |
|a LB2376 .M24
|t 0
|l Evans: Library Stacks
|